000 00383nam a2200157Ia 4500
008 230711s9999||||xx |||||||||||||| ||und||
041 _aENG
082 _a620.11
_bCH-M
100 _aChauhan,KPS
245 0 _aEagles' material science
250 _a7th Ed.
260 _c2012
_aJalandhar
_bEagles Prakashan Regd
300 _a210p.
650 _aMechanical Engineering
942 _cBK
999 _c7662
_d7662